header

Intermediate algebra through applications / (Record no. 251589)

MARC details
000 -LEADER
fixed length control field 01045cam a22002894a 4500
001 - CONTROL NUMBER
control field 13546464
003 - CONTROL NUMBER IDENTIFIER
control field OSt
005 - DATE AND TIME OF LATEST TRANSACTION
control field 20151125142633.0
008 - FIXED-LENGTH DATA ELEMENTS--GENERAL INFORMATION
fixed length control field 040402s2006 maua 001 0 eng
010 ## - LIBRARY OF CONGRESS CONTROL NUMBER
LC control number 2004044738
020 ## - INTERNATIONAL STANDARD BOOK NUMBER
International Standard Book Number 0201312247 (student ed. : alk. paper)
040 ## - CATALOGING SOURCE
Original cataloging agency DLC
Transcribing agency DLC
Modifying agency DLC
042 ## - AUTHENTICATION CODE
Authentication code pcc
050 00 - LIBRARY OF CONGRESS CALL NUMBER
Classification number QA154.3
Item number .A52 2005
082 00 - DEWEY DECIMAL CLASSIFICATION NUMBER
Classification number 512
Edition number 22
100 1# - MAIN ENTRY--PERSONAL NAME
Personal name Akst, Geoffrey.
245 10 - TITLE STATEMENT
Title Intermediate algebra through applications /
Statement of responsibility, etc Geoffrey Akst, Sadie Bragg, with contributions by Laura A. Wheel.
260 ## - PUBLICATION, DISTRIBUTION, ETC. (IMPRINT)
Place of publication, distribution, etc Boston :
Name of publisher, distributor, etc Pearson Addison Wesley,
Date of publication, distribution, etc c2006.
300 ## - PHYSICAL DESCRIPTION
Extent xvi, 926, 6, 12, 48 p. :
Other physical details ill. (some col.) ;
Dimensions 28 cm.
500 ## - GENERAL NOTE
General note Includes indexes.
650 #0 - SUBJECT ADDED ENTRY--TOPICAL TERM
Topical term or geographic name as entry element Algebra.
700 1# - ADDED ENTRY--PERSONAL NAME
Personal name Bragg, Sadie,
Dates associated with a name 1944-
Personal name Wheel, Laura A.
906 ## - LOCAL DATA ELEMENT F, LDF (RLIN)
a 7
b cbc
c orignew
d 1
e ocip
f 20
g y-gencatlg
942 ## - ADDED ENTRY ELEMENTS (KOHA)
Source of classification or shelving scheme Library of Congress Classification
Koha item type Long Loan Books

No items available.

© 2026 Rongo University
Contact us: librarian | system librarian | Rongo university